| 000 | 01403nam a2200337 i 4500 | ||
|---|---|---|---|
| 005 | 20220317001904.0 | ||
| 007 | ta | ||
| 008 | 210819s2015 ck er 000 0 spa d | ||
| 020 | _a9789585919129 | ||
| 040 |
_aCO-BoRNBP _bspa _erda _cCO-BoRNBP |
||
| 041 | 1 |
_aspa _hfra |
|
| 082 | 0 | 4 |
_a179.9 _bV64c _222 |
| 100 | 1 |
_aVoltaire, Francois Marie _d1694-1778 _eAutor |
|
| 245 | 1 | 0 |
_aContra el fanatismo religioso _cVoltaire ; traducción de Juan Ramón Azaola |
| 250 | _aPrimera edición, primera impresión | ||
| 264 | 1 |
_aBogotá _bPenguin Random House _bTaurus _c2015 |
|
| 300 |
_a110 páginas _c19 cm |
||
| 336 |
_atexto _btxt _2rdacontent |
||
| 337 |
_asin mediación _bn _2rdamedia |
||
| 338 |
_avolumen _bnc _2rdacarrier |
||
| 490 | _aGreat Ideas | ||
| 500 | _aEn la carátula: El derecho a la intolerancia es, por lo tanto, absurdo y bárbaro: es el derecho de los tigres, y es mucho más horrible, pues los tigres sólo matan para comer, y nosotros nos hemos exterminado por unos párrafos | ||
| 521 | _aRecomendado para un público adulto | ||
| 534 | _tTraite sur la tolérance | ||
| 600 | 1 | 4 |
_aVoltaire, Francois Marie _d1694 - 1778 _vPensamiento filosófico _978569 |
| 650 | 1 | 7 |
_aFilosofía francesa _ySiglo XVIII _2ARMARC |
| 650 | 1 | 7 |
_aIndiferentismo religioso _2ARMARC |
| 650 | 1 | 7 |
_aTolerancia _vAspectos religiosos _2ARMARC |
| 700 | 1 |
_aAzaola, Juan Ramón _etraductor _9182700 |
|
| 942 |
_2ddc _cBK |
||
| 999 |
_c8431 _d8431 |
||